|
|
|
|
| LEADER |
01639nam a2200409 a 4500 |
| 001 |
EBC408269 |
| 003 |
MiAaPQ |
| 005 |
20200520144314.0 |
| 006 |
m o d | |
| 007 |
cr cn||||||||| |
| 008 |
070608s2008 ilua sb 001 0 eng |
| 010 |
|
|
|z 2007024129
|
| 020 |
|
|
|z 9780226184951 (cloth : alk. paper)
|
| 020 |
|
|
|z 0226184951 (cloth : alk. paper)
|
| 035 |
|
|
|a (MiAaPQ)EBC408269
|
| 035 |
|
|
|a (Au-PeEL)EBL408269
|
| 035 |
|
|
|a (CaPaEBR)ebr10266001
|
| 035 |
|
|
|a (CaONFJC)MIL195958
|
| 035 |
|
|
|a (OCoLC)304622295
|
| 040 |
|
|
|a MiAaPQ
|c MiAaPQ
|d MiAaPQ
|
| 043 |
|
|
|a d------
|
| 050 |
|
4 |
|a HG5993
|b .F558 2008
|
| 082 |
0 |
4 |
|a 332/.0415091724
|2 22
|
| 245 |
0 |
0 |
|a Financial markets volatility and performance in emerging markets
|h [electronic resource] /
|c edited by Sebastian Edwards and Marcio G.P. Garcia.
|
| 260 |
|
|
|a Chicago :
|b University of Chicago Press,
|c 2008.
|
| 300 |
|
|
|a ix, 287 p. :
|b ill.
|
| 490 |
1 |
|
|a A National Bureau of Economic Research Conference Report
|
| 504 |
|
|
|a Includes bibliographical references and indexes.
|
| 533 |
|
|
|a Electronic reproduction. Ann Arbor, MI : ProQuest, 2015. Available via World Wide Web. Access may be limited to ProQuest affiliated libraries.
|
| 650 |
|
0 |
|a Capital market
|z Developing countries.
|
| 650 |
|
0 |
|a Capital movements
|z Developing countries.
|
| 655 |
|
4 |
|a Electronic books.
|
| 700 |
1 |
|
|a Edwards, Sebastian,
|d 1953-
|
| 700 |
1 |
|
|a Garcia, Marcio Gomes Pinto.
|
| 710 |
2 |
|
|a ProQuest (Firm)
|
| 830 |
|
0 |
|a National Bureau of Economic Research conference report.
|
| 856 |
4 |
0 |
|u https://ebookcentral.proquest.com/lib/matrademy/detail.action?docID=408269
|z Click to View
|